000 01050nam a22002417a 4500
999 _c21672
_d21672
003 AR-CdUCM
008 190405b ||||| |||| 00| 0 spa d
040 _aMUNICIPALIDAD PROVINCIAL DEL CUSCO
_cBIBLIOTECA MUNICIPAL DEL CUSCO
082 _a985.612/S10
_bS10
245 _aSaqsaywaman /
_c[textos, Luis Enrique Tord, Uriel García Cáceres, Donato Amado ... [et al.] ; editor, Carlos Sánchez Paz ; presentación, Fernando Ruiz Caro Villagarcía].
260 _aCusco :
_bCaja Municipal de Ahorros y Crédito Cusco,
_b Corporación Gráfica Color Graf,
_c2019.
300 _a205, [2] páginas. :
_bil. (principalmente col.) ;
_c25 x 31 cm.
500 _zIncluye referencias bibliográficas.
650 _aSacsahuamán, Sitio
_945748
650 _aAntigüedades
_930188
700 _aTord, Luis Enrique
_92834
700 _aGarcía Cáceres, Uriel
_945749
700 _aAmado, Donato
_96511
700 _aSánchez Paz, Carlos, editor
_945750
710 _aCaja Municipal de Ahorro y Crédito Cusco
_945737
942 _2ddc
_cLIBROS
945 _ar.a.c